Reflexiones sobre la izquierda en Latinoamérica

Պահպանված է:
Մատենագիտական մանրամասներ
Ձևաչափ: Տեքստ
Խորագրեր:
Ցուցիչներ: Ավելացրեք ցուցիչ
Չկան պիտակներ, Եղեք առաջինը, ով նշում է այս գրառումը!

MARC

LEADER 00000 a a2200000 04500
001 6716
003
040
245 |a Reflexiones sobre la izquierda en Latinoamérica  
650 |a POLITICA  
650 |a PARTIDOS POLITICOS  
650 |a AMERICA LATINA  
773 |g volumen 25, número 1178; páginas 4-5  
999 |c 23533  |d 23533